[Event "Hilton Open 2013"]
[Site "Basel"]
[Date "2013.01.04"]
[Round "5.18"]
[White "Schmidt Schaeffer, Sebastian"]
[Black "Guo, Emma"]
[Result "1/2-1/2"]
[WhiteElo "2356"]
[BlackElo "2006"]
[PlyCount "70"]
[EventDate "2013.??.??"]
[SourceDate "2013.01.01"]

1. f4 d5 2. Nf3 Nf6 3. e3 c5 4. Bb5+ Bd7 5. Bxd7+ Nbxd7 6. O-O e6 7. d3 Be7 8.
Nc3 Rb8 9. a4 a6 10. e4 O-O 11. a5 b5 12. axb6 Qxb6 13. Kh1 Rfc8 14. Qe2 Bf8
15. e5 Ne8 16. f5 exf5 17. Nxd5 Qc6 18. Ne3 g6 19. Nc4 Bg7 20. Ra2 f6 21. exf6
Nexf6 22. Bf4 Re8 23. Qd2 Ra8 24. Raa1 Nd5 25. Bh6 Bxh6 26. Qxh6 Re2 27. Rae1
Rae8 28. Qh4 Qf6 29. Qxf6 N7xf6 30. c3 Ng4 31. Rxe2 Rxe2 32. Kg1 Nf4 33. Ne1
Nd5 34. Nf3 Nf4 35. Ne1 Nd5 1/2-1/2

[Event "Hilton Open 2013"]
[Site "Basel"]
[Date "2013.01.04"]
[Round "5.20"]
[White "Maier, Christian"]
[Black "Heinis, Vincent"]
[Result "1-0"]
[WhiteElo "2354"]
[BlackElo "2101"]
[PlyCount "53"]
[EventDate "2013.??.??"]
[SourceDate "2013.01.01"]

1. d4 Nf6 2. Nf3 c5 3. e3 g6 4. Be2 Bg7 5. O-O O-O 6. Nbd2 b6 7. a4 Nc6 8. Nc4
d6 9. Re1 Be6 10. b3 cxd4 11. exd4 Nd5 12. Bb2 h6 13. Qd2 Rc8 14. h3 Qd7 15.
Bf1 Bf5 16. Na3 Nf6 17. Ba6 Rcd8 18. Bb5 Qc8 19. Rad1 Ne4 20. Qe3 d5 21. Bf1 g5
22. c4 Nb4 23. Rc1 Qe6 24. Nb5 Rd7 25. Ne5 Rb7 26. Qf3 Nd2 27. Qc3 1-0

[Event "Hilton Open 2013"]
[Site "Basel"]
[Date "2013.01.04"]
[Round "5.21"]
[White "Ernst, Rolf"]
[Black "Dimitrov, Atanas"]
[Result "0-1"]
[WhiteElo "2131"]
[BlackElo "2346"]
[PlyCount "130"]
[EventDate "2013.??.??"]
[SourceDate "2013.01.01"]

1. d4 c5 2. d5 Nf6 3. Nc3 d6 4. e4 g6 5. Be2 Bg7 6. h4 h5 7. Nf3 O-O 8. O-O Na6
9. Bf4 Nc7 10. a4 a6 11. Qd2 Re8 12. Rad1 b5 13. axb5 axb5 14. Nxb5 Nxe4 15.
Qe3 Nf6 16. Nxc7 Qxc7 17. Bc4 Ba6 18. Bxa6 Rxa6 19. c3 Rb6 20. Rd2 Qb7 21. Qd3
Rxb2 22. c4 Rb3 23. Qe2 e5 24. dxe6 Rxe6 25. Qd1 Ne4 26. Rxd6 Nxd6 27. Bxd6 Bf8
28. Bxf8 Kxf8 29. Qd8+ Kg7 30. Qd1 Rb2 31. Qc1 Rbb6 32. Qc3+ Kg8 33. Qc1 Qe7
34. Qh6 Qf8 35. Qg5 Kg7 36. Qc1 Qe7 37. Rd1 Rbd6 38. Rd5 Rxd5 39. cxd5 Rb6 40.
Kf1 Qd6 41. Qc3+ Kg8 42. Qd3 Rb8 43. Nd2 Qe5 44. g3 Rb4 45. Nc4 Qa1+ 46. Kg2
Qa6 47. Ne5 Qxd3 48. Nxd3 Rb5 49. Ne5 Kf8 50. Kf3 Ke7 51. Ke3 Rb3+ 52. Ke2 Kd6
53. Nxf7+ Kxd5 54. Ng5 c4 55. f3 Ra3 56. Kd2 Kc5 57. g4 Kd4 58. gxh5 Ra2+ 59.
Kc1 gxh5 60. Ne4 Rh2 61. Ng3 Kc3 62. Ne4+ Kd4 63. Ng3 Kd3 64. Nxh5 Rh1+ 65. Kb2
c3+ 0-1

[Event "Hilton Open 2013"]
[Site "Basel"]
[Date "2013.01.04"]
[Round "5.22"]
[White "Prill, Daniel"]
[Black "Maisuradze, Nino"]
[Result "0-1"]
[WhiteElo "2154"]
[BlackElo "2306"]
[PlyCount "108"]
[EventDate "2013.??.??"]
[SourceDate "2013.01.01"]

1. e4 c5 2. Nf3 Nc6 3. d4 cxd4 4. Nxd4 e5 5. Nb5 d6 6. N1c3 a6 7. Na3 b5 8. Nd5
Nge7 9. c4 Nd4 10. Be3 Nxd5 11. cxd5 g6 12. Nc2 Nxc2+ 13. Qxc2 Bd7 14. Bd3 Bg7
15. O-O O-O 16. Rac1 Rc8 17. Qd2 f5 18. exf5 gxf5 19. f3 Qh4 20. Rxc8 Rxc8 21.
Rc1 Rxc1+ 22. Qxc1 Qb4 23. a3 Qa5 24. h3 Qd8 25. Bh6 Bf6 26. Qc2 e4 27. fxe4
Bd4+ 28. Kh1 Qh4 29. Qc1 fxe4 30. Bf1 Qf6 31. Be2 Bxb2 32. Qc7 Qxh6 33. Qd8+
Qf8 34. Qxd7 Qf4 35. Qe8+ Kg7 36. Qe7+ Kg6 37. Qe8+ Kh6 38. Qe6+ Kg5 39. Qe7+
Bf6 40. Qxh7 Qc1+ 41. Kh2 Qf4+ 42. Kh1 Qf2 43. Qh5+ Kf4 44. Qh6+ Ke5 45. Qd2
Bh4 46. Qd1 Qe1+ 47. Qxe1 Bxe1 48. g4 Bh4 49. Kg2 Kxd5 50. Kf1 Kd4 51. Bd1 Ke3
52. Bb3 Kd2 53. Bd5 e3 54. Bf3 d5 0-1

[Event "Hilton Open 2013"]
[Site "Basel"]
[Date "2013.01.04"]
[Round "5.23"]
[White "Mueller, Werner"]
[Black "Maeurer, Christoph"]
[Result "0-1"]
[WhiteElo "2033"]
[BlackElo "2291"]
[PlyCount "78"]
[EventDate "2013.??.??"]
[SourceDate "2013.01.01"]

1. e4 e6 2. d4 d5 3. Nd2 Nf6 4. e5 Nfd7 5. c3 c5 6. Bd3 b6 7. Ndf3 Ba6 8. Ne2
Bxd3 9. Qxd3 Qc8 10. O-O Qa6 11. Qxa6 Nxa6 12. Bd2 h6 13. Rac1 b5 14. a4 bxa4
15. c4 dxc4 16. Nc3 cxd4 17. Nxd4 Nxe5 18. Nxa4 Rd8 19. Bc3 Nd3 20. Rc2 Nab4
21. Re2 Be7 22. f4 Rd5 23. f5 e5 24. Nf3 f6 25. Re4 Nc5 26. Nxc5 Bxc5+ 27. Kh1
O-O 28. Rxc4 Rb8 29. Ra1 Nd3 30. h3 Bb6 31. g4 Rbd8 32. h4 e4 33. Ne1 Nf2+ 34.
Kg2 Nxg4 35. Rxe4 Ne3+ 36. Kf3 Rxf5+ 37. Ke2 Nd5 38. Bd2 Rf2+ 39. Kd1 Ne3+ 0-1

[Event "Hilton Open 2013"]
[Site "Basel"]
[Date "2013.01.04"]
[Round "5.24"]
[White "Nuri, Kambez"]
[Black "Sommerhalder, Eric"]
[Result "1-0"]
[WhiteElo "2241"]
[BlackElo "2054"]
[PlyCount "51"]
[EventDate "2013.??.??"]
[SourceDate "2013.01.01"]

1. e4 c5 2. Nf3 d6 3. d4 cxd4 4. Nxd4 Nf6 5. Nc3 g6 6. Be3 Bg7 7. f3 O-O 8. Qd2
Nc6 9. O-O-O d5 10. Qe1 e5 11. Nxc6 bxc6 12. exd5 cxd5 13. Bg5 Qb6 14. Bxf6
Bxf6 15. Nxd5 Bg5+ 16. Kb1 Qd6 17. h4 Bh6 18. g4 Bg7 19. g5 Qc5 20. Bd3 Rb8 21.
Be4 Be6 22. h5 Rfd8 23. Nf6+ Bxf6 24. gxf6 Rdc8 25. b3 Qc3 26. Rd8+ 1-0

[Event "Hilton Open 2013"]
[Site "Basel"]
[Date "2013.01.04"]
[Round "5.25"]
[White "Graeber, Fabien"]
[Black "Tschann, Stephan"]
[Result "0-1"]
[WhiteElo "2071"]
[BlackElo "2224"]
[PlyCount "54"]
[EventDate "2013.??.??"]
[SourceDate "2013.01.01"]

1. c4 e6 2. Nc3 d5 3. d4 Be7 4. Nf3 Nf6 5. cxd5 exd5 6. Bg5 c6 7. Qc2 g6 8. e3
Bf5 9. Bd3 Bxd3 10. Qxd3 O-O 11. O-O Re8 12. Rab1 a5 13. Qc2 Nbd7 14. Na4 Ne4
15. Bf4 g5 16. Bg3 h5 17. h3 g4 18. hxg4 hxg4 19. Ne5 Nxe5 20. Bxe5 Bd6 21.
Bxd6 Nxd6 22. g3 Qf6 23. Qd1 Qf5 24. Nc3 Kg7 25. Kg2 Rh8 26. Rh1 Rxh1 27. Qxh1
Ne4 0-1

[Event "Hilton Open 2013"]
[Site "Basel"]
[Date "2013.01.04"]
[Round "5.26"]
[White "Aerni, Andi"]
[Black "Deubelbeiss, Rene"]
[Result "1-0"]
[WhiteElo "2206"]
[BlackElo "2015"]
[PlyCount "79"]
[EventDate "2013.??.??"]
[SourceDate "2013.01.01"]

1. e4 c5 2. Na3 d6 3. c3 Nf6 4. g3 g6 5. Bg2 Bg7 6. f4 O-O 7. d3 e5 8. fxe5
dxe5 9. Nf3 Nc6 10. O-O h6 11. Qe2 Qe7 12. h3 b6 13. Nc2 Ba6 14. Nfe1 Qd6 15.
Be3 Nh5 16. Bf2 Rad8 17. Ne3 Bxd3 18. Nxd3 Qxd3 19. Qf3 Qb5 20. Nd5 Qxb2 21. a4
f5 22. Qd3 fxe4 23. Bxe4 Rxf2 24. Rxf2 Qxa1+ 25. Rf1 Qxa4 26. Bxg6 e4 27. Bxe4
Rf8 28. Rxf8+ Bxf8 29. Ne3 Ne7 30. Nf5 Qa1+ 31. Kg2 Qa2+ 32. Kg1 Qe6 33. Nd6
Nf6 34. Bg6 Qd5 35. Bf7+ Kh8 36. Bxd5 Nexd5 37. Nf7+ Kg7 38. Ne5 Ne7 39. Qc4
Ned5 40. Qa6 1-0

[Event "Hilton Open 2013"]
[Site "Basel"]
[Date "2013.01.04"]
[Round "5.27"]
[White "Stoeri, Laura"]
[Black "Grandadam, Patrick"]
[Result "1/2-1/2"]
[WhiteElo "2053"]
[BlackElo "2204"]
[PlyCount "148"]
[EventDate "2013.??.??"]
[SourceDate "2013.01.01"]

1. e4 e5 2. Nf3 Nc6 3. Bb5 Nge7 4. O-O a6 5. Bc4 g6 6. d4 exd4 7. Ng5 Ne5 8.
Bb3 d5 9. f4 Ng4 10. Qxd4 Rg8 11. h3 c5 12. Qd1 c4 13. Ba4+ b5 14. hxg4 h6 15.
Nh3 Qb6+ 16. Nf2 dxe4 17. Re1 f5 18. Be3 Qc6 19. c3 bxa4 20. Na3 Nd5 21. Nc2
Bd7 22. Nd4 Qd6 23. g3 Be7 24. Kg2 a3 25. bxa3 Rd8 26. Qe2 Qc7 27. gxf5 gxf5
28. Qh5+ Kf8 29. Qxh6+ Rg7 30. Qh8+ Kf7 31. Qh5+ Kg8 32. Nxf5 Be8 33. Nxe7+
Qxe7 34. Qe5 Qxe5 35. fxe5 Bc6 36. Rad1 Rf8 37. Rd4 Rf3 38. Bd2 Rfxg3+ 39. Kf1
e3 40. Rxd5 Rg1+ 41. Ke2 Rxe1+ 42. Bxe1 Bxd5 43. Kxe3 Rg1 44. Kd4 Bf7 45. Bd2
Ra1 46. Ne4 Rxa2 47. Bf4 Rxa3 48. Nc5 Ra1 49. e6 Be8 50. Kxc4 a5 51. Bd6 Re1
52. Bc7 a4 53. Kb4 Kh7 54. c4 Kg6 55. Nd7 Kf5 56. Nc5 Bc6 57. Bd6 Ra1 58. e7
Kf6 59. Ne4+ Kf7 60. Ng5+ Ke8 61. Kc5 a3 62. Kxc6 a2 63. Be5 Rg1 64. Ne6 Rg6
65. Kd6 Rh6 66. c5 Kf7 67. e8=Q+ Kxe8 68. Kd5 Kf7 69. Nf4 Rh4 70. Ke4 Rh1 71.
Kd5 Rf1 72. c6 Rxf4 73. c7 Rf5 74. c8=Q Rxe5+ 1/2-1/2

[Event "Hilton Open 2013"]
[Site "Basel"]
[Date "2013.01.04"]
[Round "5.28"]
[White "Sand, Rolf"]
[Black "Wirz, Heinz"]
[Result "1/2-1/2"]
[WhiteElo "1949"]
[BlackElo "2161"]
[PlyCount "47"]
[EventDate "2013.??.??"]
[SourceDate "2013.01.01"]

1. c4 Nf6 2. g3 g6 3. Bg2 Bg7 4. Nc3 O-O 5. e4 d6 6. Nge2 c5 7. O-O Nc6 8. d3
a6 9. h3 Rb8 10. a4 Nd4 11. Be3 Ne8 12. Rb1 Nc7 13. b4 Nce6 14. f4 cxb4 15.
Rxb4 Qa5 16. Nd5 Kh8 17. Nxd4 Nxd4 18. Rb1 Qd8 19. Qd2 Bd7 20. Nb6 Bc6 21. Qf2
e5 22. f5 gxf5 23. exf5 Bf6 24. Kh2 1/2-1/2

[Event "Hilton Open 2013"]
[Site "Basel"]
[Date "2013.01.04"]
[Round "5.30"]
[White "Vatter, Hans Joachim"]
[Black "Villegas, Pierre"]
[Result "1/2-1/2"]
[WhiteElo "2318"]
[BlackElo "2234"]
[PlyCount "91"]
[EventDate "2013.??.??"]
[SourceDate "2013.01.01"]

1. e4 e5 2. Nf3 Nf6 3. Nxe5 d6 4. Nf3 Nxe4 5. Nc3 Nxc3 6. dxc3 Be7 7. Bf4 Nc6
8. Qd2 Be6 9. O-O-O Qd7 10. Kb1 a6 11. Nd4 Nxd4 12. cxd4 d5 13. Bd3 Bf6 14.
Rhe1 O-O 15. Be5 Bxe5 16. Rxe5 f6 17. Re3 Rfe8 18. Rde1 a5 19. a3 b6 20. Qe2
Bf7 21. Qf3 Rxe3 22. Rxe3 Re8 23. Qf5 Qxf5 24. Rxe8+ Bxe8 25. Bxf5 g6 26. Bc8
Kf7 27. Kc1 Ke7 28. Kd2 Bd7 29. Ba6 Bf5 30. Be2 g5 31. g3 Ke6 32. Bd1 Kd6 33.
Ke3 Ke6 34. h4 Kd6 35. c3 h6 36. Bh5 Bc2 37. Bf7 Bd1 38. Bg6 Ba4 39. Bf5 Bd1
40. Bd3 Bh5 41. f3 Bf7 42. Bf5 Be6 43. Bg6 Ke7 44. f4 Bd7 45. Bh5 Bf5 46. Bf3
1/2-1/2

[Event "Hilton Open 2013"]
[Site "Basel"]
[Date "2013.01.04"]
[Round "5.31"]
[White "Melkumjanz, Nikolay"]
[Black "Michaelis, Nico"]
[Result "1-0"]
[WhiteElo "2256"]
[BlackElo "2165"]
[PlyCount "101"]
[EventDate "2013.??.??"]
[SourceDate "2013.01.01"]

1. e4 d5 2. exd5 Qxd5 3. Nc3 Qd6 4. Nf3 Nf6 5. Bc4 Bg4 6. h3 Bxf3 7. Qxf3 c6 8.
O-O e6 9. d3 Be7 10. Bf4 Qd7 11. Ne4 O-O 12. Rfe1 a5 13. a3 Na6 14. Be5 Nd5 15.
Bxa6 Rxa6 16. c4 f5 17. cxd5 fxe4 18. dxe6 exf3 19. exd7 Rd8 20. Bd6 Bf6 21.
Re8+ Kf7 22. Rxd8 Bxd8 23. Re1 c5 24. Bxc5 Rc6 25. b4 Rc7 26. g3 Rxd7 27. bxa5
Rxd3 28. Re3 Rd1+ 29. Kh2 Bxa5 30. Rxf3+ Kg6 31. Rb3 Rd7 32. Kg2 Bd8 33. f4 h5
34. Kf3 Bf6 35. Ke4 Kf7 36. Rd3 Rxd3 37. Kxd3 Ke6 38. Ke4 g6 39. a4 Bc3 40. g4
hxg4 41. hxg4 Ba5 42. f5+ gxf5+ 43. gxf5+ Kf6 44. Bd4+ Kf7 45. Kd5 Bc7 46. Be5
Ba5 47. Kd6 Ke8 48. Ke6 Bb4 49. f6 Bf8 50. Bc7 Bh6 51. f7+ 1-0

[Event "Hilton Open 2013"]
[Site "Basel"]
[Date "2013.01.04"]
[Round "5.33"]
[White "Bhend, Edwin"]
[Black "Klumpp, Jochen"]
[Result "1/2-1/2"]
[WhiteElo "2248"]
[BlackElo "2070"]
[PlyCount "33"]
[EventDate "2013.??.??"]
[SourceDate "2013.01.01"]

1. e4 d6 2. d4 Nf6 3. Nc3 g6 4. f4 Bg7 5. Nf3 O-O 6. Be3 b6 7. Be2 e6 8. Nd2
Bb7 9. O-O Qe7 10. e5 Nd5 11. Nxd5 Bxd5 12. Bf3 Nd7 13. Bxd5 exd5 14. Qf3 Rad8
15. Qh3 Rde8 16. Rae1 dxe5 17. fxe5 1/2-1/2

[Event "Hilton Open 2013"]
[Site "Basel"]
[Date "2013.01.04"]
[Round "5.34"]
[White "Stolniceanu, Victor Dumitru"]
[Black "Tillmann, Marc"]
[Result "1-0"]
[WhiteElo "2135"]
[BlackElo "1999"]
[PlyCount "87"]
[EventDate "2013.??.??"]
[SourceDate "2013.01.01"]

1. e4 e6 2. Nf3 d5 3. exd5 exd5 4. d4 Bd6 5. h3 Bf5 6. Bd3 Ne7 7. O-O Qd7 8.
Nc3 Nbc6 9. Nb5 O-O-O 10. Bg5 f6 11. Bh4 g5 12. Nxd6+ cxd6 13. Bg3 g4 14. hxg4
Bxg4 15. c3 Nf5 16. Bxf5 Qxf5 17. Nh4 Qg5 18. Qc1 Rhg8 19. Qf4 Qxf4 20. Bxf4
Rge8 21. f3 Bh5 22. Rae1 Bg6 23. Nxg6 hxg6 24. Rxe8 Rxe8 25. Bxd6 Kd7 26. Ba3
Na5 27. b3 Re3 28. Bb2 Re2 29. Rf2 Re1+ 30. Kh2 Nc6 31. Kg3 Ne7 32. Rd2 Re6 33.
Kf2 b5 34. Ba3 Nf5 35. Bc5 a6 36. Rd3 Re8 37. Rd1 Rh8 38. Ra1 a5 39. a4 b4 40.
cxb4 axb4 41. a5 Kc6 42. a6 Ra8 43. a7 Kb5 44. Ra4 1-0

[Event "Hilton Open 2013"]
[Site "Basel"]
[Date "2013.01.04"]
[Round "5.35"]
[White "Janasik, Gerhard"]
[Black "Karabalis, Harilos"]
[Result "0-1"]
[WhiteElo "2014"]
[BlackElo "2245"]
[PlyCount "42"]
[EventDate "2013.??.??"]
[SourceDate "2013.01.01"]

1. e4 e6 2. d3 d5 3. Nd2 Nf6 4. Ngf3 b6 5. g3 dxe4 6. dxe4 Bc5 7. Bd3 e5 8. O-O
Bh3 9. Re1 Ng4 10. Re2 Qf6 11. a3 a5 12. Rb1 Nc6 13. Bb5 O-O-O 14. Bd3 h5 15.
Qe1 h4 16. b4 axb4 17. Rb3 hxg3 18. hxg3 Qg6 19. Bb2 Nxf2 20. Ba6+ Kb8 21. Rxf2
Qxg3+ 0-1

[Event "Hilton Open 2013"]
[Site "Basel"]
[Date "2013.01.04"]
[Round "5.36"]
[White "Xheladini, Mahmut"]
[Black "Wehrle, Uwe"]
[Result "1-0"]
[WhiteElo "2281"]
[BlackElo "2117"]
[PlyCount "111"]
[EventDate "2013.??.??"]
[SourceDate "2013.01.01"]

1. e4 d5 2. Nc3 d4 3. Nce2 e5 4. Nf3 Bd6 5. Ng3 Be6 6. c3 c5 7. b4 f6 8. Rb1 b6
9. bxc5 Bxc5 10. cxd4 Bxd4 11. Bb5+ Kf7 12. Qa4 Bc5 13. Nf5 g6 14. d4 gxf5 15.
dxc5 Nd7 16. Ba3 Nxc5 17. Bxc5 bxc5 18. Bc6 Rc8 19. O-O Rc7 20. Rfc1 Ne7 21.
Rxc5 Qd6 22. Rbc1 Rhc8 23. Be8+ Kf8 24. Rxc7 Rxc7 25. Rd1 Qc5 26. exf5 Nxf5 27.
Bh5 Nd6 28. Qh4 Ke7 29. g4 e4 30. Nd4 Qe5 31. Qh3 Rc4 32. Qe3 Bd7 33. Ne2 Rc2
34. Nf4 Rxa2 35. Nd5+ Kd8 36. Qc5 Ne8 37. Qf8 Ra1 38. Rxa1 Qxa1+ 39. Kg2 Qe5
40. Bxe8 Qxe8 41. Qxf6+ Kc8 42. Qa6+ Kb8 43. Qd6+ Kb7 44. Qc7+ Ka6 45. Qd6+ Kb7
46. Nf6 Qg6 47. Qxd7+ Kb6 48. Nxh7 e3 49. Qd4+ Kb7 50. Qb4+ Kc7 51. Nf8 Qc6+
52. Kf1 Qa6+ 53. Ke1 exf2+ 54. Kxf2 Qf6+ 55. Kg2 Qf7 56. Qf4+ 1-0

[Event "Hilton Open 2013"]
[Site "Basel"]
[Date "2013.01.04"]
[Round "5.37"]
[White "Braeunlin, Klaus"]
[Black "Hess, Christian Mathias"]
[Result "1/2-1/2"]
[WhiteElo "2131"]
[BlackElo "2269"]
[PlyCount "59"]
[EventDate "2013.??.??"]
[SourceDate "2013.01.01"]

1. e4 c6 2. d4 d5 3. e5 Bf5 4. Nf3 e6 5. Be2 Ne7 6. Nbd2 Bg6 7. Nb3 Nf5 8. O-O
Nd7 9. Re1 Be7 10. Bd2 O-O 11. c4 dxc4 12. Na5 Qc8 13. Nxc4 Nb6 14. Ne3 Qd7 15.
Nxf5 Bxf5 16. Qb3 Qd5 17. Qxd5 Nxd5 18. a3 Bg4 19. h3 Bxf3 20. Bxf3 Rfd8 21.
Rac1 Rd7 22. Rc2 Bd8 23. Re4 Bb6 24. Rc4 Ne7 25. Be3 h6 26. Rg4 Kf8 27. a4 Nd5
28. Bd2 a5 29. Bxd5 Rxd5 30. Be3 1/2-1/2

[Event "Hilton Open 2013"]
[Site "Basel"]
[Date "2013.01.04"]
[Round "5.38"]
[White "Staechelin, Ruedi"]
[Black "Curien, Nicolas"]
[Result "1/2-1/2"]
[WhiteElo "2078"]
[BlackElo "2239"]
[PlyCount "92"]
[EventDate "2013.??.??"]
[SourceDate "2013.01.01"]

1. e4 e6 2. d4 d5 3. Nc3 Bb4 4. e5 c5 5. Bd2 Nh6 6. Nb5 Bxd2+ 7. Qxd2 O-O 8.
dxc5 Nc6 9. Nf3 f6 10. exf6 Rxf6 11. O-O-O b6 12. Nbd4 Nxd4 13. Qxd4 Nf5 14.
Qc3 Qc7 15. c6 Nd6 16. Bd3 b5 17. Rhe1 a5 18. Rd2 Nc4 19. Bxc4 bxc4 20. Ne5 a4
21. a3 Rf5 22. h4 Ra5 23. Rde2 Rb5 24. g3 Qb6 25. f4 d4 26. Qxc4 Rxb2 27. Nd3
Rb1+ 28. Kd2 Qa5+ 29. c3 dxc3+ 30. Qxc3 Qxc3+ 31. Kxc3 Rb3+ 32. Kc2 Ba6 33. Re3
Bxd3+ 34. Rxd3 Rc5+ 35. Kd2 Rb2+ 36. Ke3 Rxc6 37. Kf3 h5 38. Re4 Rb3 39. Rxb3
axb3 40. Rb4 Rc3+ 41. Kf2 Rc2+ 42. Kf3 b2 43. a4 Rc3+ 44. Kf2 Rc2+ 45. Kf3 Rc3+
46. Kf2 Rc2+ 1/2-1/2

[Event "Hilton Open 2013"]
[Site "Basel"]
[Date "2013.01.04"]
[Round "5.39"]
[White "Winterberg, Lukas"]
[Black "Kaspereit, Holger"]
[Result "1-0"]
[WhiteElo "2212"]
[BlackElo "2094"]
[PlyCount "53"]
[EventDate "2013.??.??"]
[SourceDate "2013.01.01"]

1. d4 Nf6 2. c4 e5 3. dxe5 Ng4 4. Nf3 Bc5 5. e3 Nc6 6. Be2 Ngxe5 7. Nxe5 Nxe5
8. a3 a5 9. Nc3 O-O 10. Rb1 Ra6 11. b4 axb4 12. axb4 Ba7 13. f4 Rd6 14. Qc2 Ng4
15. c5 Re6 16. Ra1 d6 17. Bxg4 Qh4+ 18. Qf2 Qxg4 19. Rxa7 dxc5 20. bxc5 Bd7 21.
Rxb7 Bc6 22. Rb2 Qh5 23. Ne2 Qxc5 24. O-O Ba8 25. e4 Qh5 26. Ng3 Qh4 27. f5 1-0

[Event "Hilton Open 2013"]
[Site "Basel"]
[Date "2013.01.04"]
[Round "5.40"]
[White "Ditzler, Juerg"]
[Black "Bagri, Jaspaul"]
[Result "1/2-1/2"]
[WhiteElo "2038"]
[BlackElo "2178"]
[PlyCount "109"]
[EventDate "2013.??.??"]
[SourceDate "2013.01.01"]

1. Nf3 Nf6 2. d4 e6 3. c4 b6 4. g3 Ba6 5. b3 b5 6. cxb5 Bxb5 7. Nc3 Ba6 8. Bg2
d5 9. O-O Nbd7 10. Re1 Bb4 11. Bd2 O-O 12. a3 Be7 13. b4 Bb7 14. Rc1 Nb6 15.
Ne5 Nfd7 16. Nb5 Nxe5 17. dxe5 c6 18. Nd4 Nc4 19. e4 Qb6 20. Nb3 Nxa3 21. Nc5
Rfc8 22. Bf1 Nb5 23. Be3 d4 24. Bf4 Rd8 25. Qb3 Bc8 26. Bd2 Rb8 27. Na4 Qc7 28.
f4 Bf8 29. Rc2 d3 30. Rc4 Nd4 31. Qxd3 Ba6 32. Qxd4 Bxc4 33. Qxc4 Rxd2 34. Nc5
Qb6 35. Rc1 Qxb4 36. f5 Qxc4 37. Rxc4 Rb5 38. Nd3 Rb1 39. Nf2 c5 40. Ra4 Rd7
41. Ra2 c4 42. Kg2 Rc1 43. Ra4 Rc7 44. Be2 Rc2 45. Kf3 Bc5 46. Nd1 Bb6 47. h4
Kf8 48. g4 Ke7 49. g5 g6 50. h5 exf5 51. exf5 gxf5 52. Ra3 Ke6 53. Ne3 Kxe5 54.
Nxc2 c3 55. Rb3 1/2-1/2

[Event "Hilton Open 2013"]
[Site "Basel"]
[Date "2013.01.04"]
[Round "5.41"]
[White "Frey, Matthias"]
[Black "Eidinger, Helmut"]
[Result "0-1"]
[WhiteElo "1958"]
[BlackElo "2137"]
[PlyCount "60"]
[EventDate "2013.??.??"]
[SourceDate "2013.01.01"]

1. e4 c5 2. Nf3 d6 3. d4 cxd4 4. Nxd4 Nf6 5. Nc3 Nc6 6. Be3 Ng4 7. Nxc6 bxc6 8.
Qd2 Nxe3 9. Qxe3 Qb6 10. Qxb6 axb6 11. Be2 g6 12. f4 Bg7 13. Kd2 O-O 14. Bf3
Rd8 15. Rhd1 Bb7 16. Ke3 e6 17. a4 d5 18. e5 Bf8 19. Ke2 Bc5 20. Kf1 Rdb8 21.
Ne2 Ra7 22. Nd4 Rba8 23. c3 Rxa4 24. Rxa4 Rxa4 25. g3 Ra2 26. Rd2 Bxd4 27. cxd4
c5 28. dxc5 bxc5 29. Rc2 c4 30. Be2 Ba6 0-1

[Event "Hilton Open 2013"]
[Site "Basel"]
[Date "2013.01.04"]
[Round "5.42"]
[White "Jud, Marc"]
[Black "Prill, Gerhard"]
[Result "1/2-1/2"]
[WhiteElo "2032"]
[BlackElo "2056"]
[PlyCount "25"]
[EventDate "2013.??.??"]
[SourceDate "2013.01.01"]

1. d4 Nf6 2. c4 e6 3. Nf3 b6 4. g3 Ba6 5. Qc2 Bb7 6. Bg2 c5 7. dxc5 Bxc5 8. O-O
Nc6 9. e3 Qc7 10. a3 a5 11. Nbd2 h5 12. h3 Ne7 13. Nd4 1/2-1/2

[Event "Hilton Open 2013"]
[Site "Basel"]
[Date "2013.01.04"]
[Round "5.43"]
[White "Moser, Guido"]
[Black "Bender, Dirk"]
[Result "0-1"]
[WhiteElo "2006"]
[BlackElo "2047"]
[PlyCount "114"]
[EventDate "2013.??.??"]
[SourceDate "2013.01.01"]

1. d4 Nf6 2. Nf3 c5 3. e3 b6 4. Bd3 Bb7 5. Nbd2 d6 6. O-O g6 7. c3 Bg7 8. Qe2
O-O 9. a4 Re8 10. e4 cxd4 11. Nxd4 e5 12. N4b3 d5 13. f3 Nbd7 14. exd5 Nxd5 15.
Ne4 Qc7 16. Bd2 Nf4 17. Bxf4 exf4 18. Qc2 Ne5 19. Bb5 Re7 20. Rad1 a6 21. Bd3
Bc6 22. Nd4 Bd5 23. Nd2 Nxd3 24. Qxd3 Re3 25. Qb1 Qc5 26. Ne4 Bxe4 27. fxe4 Qe5
28. Nf3 Qxe4 29. Qxe4 Rxe4 30. Rd6 Bf8 31. Rd7 Bc5+ 32. Nd4 Rae8 33. b4 Bxd4+
34. cxd4 Rc8 35. Rf2 Rc4 36. Rd8+ Kg7 37. Rd2 Rxb4 38. Kf2 g5 39. Kf3 Re3+ 40.
Kf2 Ra3 41. a5 Rxa5 42. d5 Raa4 43. Rd6 b5 44. Ke2 Rd4 45. Rc2 Ra3 46. Rd7 Re3+
47. Kf2 Re5 48. Rcc7 Rf5 49. d6 Rf6 50. Rc6 a5 51. Rc5 Rd2+ 52. Kf3 g4+ 53.
Kxg4 Rxg2+ 54. Kf3 Rb2 55. Rd5 Rb3+ 56. Kf2 f3 57. Rd2 Rg6 0-1

[Event "Hilton Open 2013"]
[Site "Basel"]
[Date "2013.01.04"]
[Round "5.44"]
[White "Spiess, Thomas"]
[Black "Brait, Wolfgang"]
[Result "1-0"]
[WhiteElo "2028"]
[BlackElo "2021"]
[PlyCount "41"]
[EventDate "2013.??.??"]
[SourceDate "2013.01.01"]

1. d4 g6 2. e4 d6 3. c4 Bg7 4. Ne2 Nc6 5. d5 Ne5 6. f4 Nd7 7. Nbc3 e5 8. dxe6
fxe6 9. Ng3 Nh6 10. Be2 O-O 11. O-O Nc5 12. Be3 b6 13. Qd2 Qh4 14. Rf2 Bb7 15.
Raf1 Rae8 16. f5 exf5 17. Bg5 Bxc3 18. bxc3 Nxe4 19. Nxe4 Qxe4 20. Bxh6 Ba6 21.
Bf3 1-0

[Event "Hilton Open 2013"]
[Site "Basel"]
[Date "2013.01.04"]
[Round "6.1"]
[White "Grachev, Boris"]
[Black "Edouard, Romain"]
[Result "1/2-1/2"]
[WhiteElo "2688"]
[BlackElo "2686"]
[PlyCount "25"]
[EventDate "2013.??.??"]
[SourceDate "2013.01.01"]

1. d4 Nf6 2. c4 g6 3. Nc3 d5 4. e3 Bg7 5. cxd5 Nxd5 6. Nxd5 Qxd5 7. Ne2 O-O 8.
Nc3 Qd6 9. Be2 c6 10. O-O Nd7 11. Ne4 Qc7 12. Bd2 Rd8 13. Qc2 1/2-1/2

[Event "Hilton Open 2013"]
[Site "Basel"]
[Date "2013.01.04"]
[Round "6.2"]
[White "Ghaem Maghami, Ehsan"]
[Black "Vachier Lagrave, Maxime"]
[Result "1/2-1/2"]
[WhiteElo "2572"]
[BlackElo "2711"]
[PlyCount "34"]
[EventDate "2013.??.??"]
[SourceDate "2013.01.01"]

1. c4 e5 2. g3 Nf6 3. Bg2 c6 4. d4 exd4 5. Qxd4 d5 6. Nf3 Be6 7. cxd5 cxd5 8.
O-O Nc6 9. Qa4 Bc5 10. Bg5 O-O 11. Qb5 Qb6 12. Qxb6 axb6 13. Bxf6 gxf6 14. e3
d4 15. exd4 Nxd4 16. Nxd4 Bxd4 17. Nc3 Bxc3 1/2-1/2

[Event "Hilton Open 2013"]
[Site "Basel"]
[Date "2013.01.04"]
[Round "6.3"]
[White "Fier, Alexandr"]
[Black "Istratescu, Andrei"]
[Result "1/2-1/2"]
[WhiteElo "2573"]
[BlackElo "2654"]
[PlyCount "105"]
[EventDate "2013.??.??"]
[SourceDate "2013.01.01"]

1. d4 e6 2. Nf3 Nf6 3. c4 d5 4. Nc3 dxc4 5. e4 Bb4 6. Bg5 h6 7. Bxf6 Qxf6 8.
Bxc4 c5 9. O-O O-O 10. e5 Qd8 11. Qe2 cxd4 12. Rad1 Nc6 13. Nb5 Bd7 14. Nbxd4
Qb6 15. Qe4 Nxd4 16. Nxd4 Rfd8 17. h4 Be8 18. Nb3 Bc6 19. Qf4 a5 20. Nd4 Be8
21. b3 Bc5 22. Ne2 Rxd1 23. Rxd1 Rd8 24. Rxd8 Qxd8 25. a4 Qd1+ 26. Kh2 Bc6 27.
f3 Qe1 28. h5 Bb6 29. Qg4 Qa1 30. f4 Qb1 31. Qg3 Be4 32. Qg4 Qf1 33. Nd4 Qf2
34. Ne2 Qe1 35. Qg3 Bf2 36. Qg4 Qf1 37. Qh3 b6 38. Qg4 Kf8 39. Qh3 Be3 40. Qg4
Bc6 41. Qg3 Bd5 42. Qg4 Bxc4 43. bxc4 Ke7 44. Kg3 Qf2+ 45. Kh3 Ke8 46. Qxg7
Qxe2 47. Qxh6 Qf1 48. Qh8+ Kd7 49. Qa8 Qxf4 50. Qb7+ Ke8 51. Qb8+ Ke7 52. Qd6+
Ke8 53. Qb8+ 1/2-1/2

[Event "Hilton Open 2013"]
[Site "Basel"]
[Date "2013.01.04"]
[Round "6.5"]
[White "Turov, Maxim"]
[Black "Van Kampen, Robin"]
[Result "0-1"]
[WhiteElo "2630"]
[BlackElo "2581"]
[PlyCount "74"]
[EventDate "2013.??.??"]
[SourceDate "2013.01.01"]

1. c4 g6 2. Nc3 Nf6 3. e4 e5 4. Nf3 Bg7 5. Nxe5 Nxe4 6. Nxe4 Bxe5 7. d4 Bg7 8.
Bg5 f6 9. Be3 O-O 10. Nc3 d6 11. g3 f5 12. Bg2 Nd7 13. Qd2 Nf6 14. O-O Be6 15.
Bxb7 Bxc4 16. Rfe1 Rb8 17. Bg2 c6 18. b3 Bb5 19. Bg5 d5 20. Rac1 Qd7 21. f3
Rfe8 22. Bf4 Rxe1+ 23. Rxe1 Rb7 24. Be5 Ne8 25. Bxg7 Nxg7 26. Qf4 Qd8 27. Re5
Kf7 28. Qe3 Re7 29. Nxb5 cxb5 30. f4 Rd7 31. Qe2 a6 32. a4 Qa8 33. Rxd5 Rxd5
34. Qf3 Ke6 35. Qe3+ Kd7 36. Qf3 Kd6 37. Qe3 Qc6 0-1